000
00268nam a2200109 a 4500
005
20140412111425.0
008
080201s19uu xx 00 eng d
050
_a
ER
_b
At1 1981
245
_a
At the table.
260
_a
Holand :
_b
Price/ stern,
_c
1981.
999
_c
106184
_d
106184